000 03027nam a2200409Ia 4500
999 _c55025
_d55025
001 22099
003 GE_BSU
005 20230504114646.0
008 181216s2009||||ge |||||||||||||| ||geo||
020 _a9789941131073
040 _cGE_BSU
041 _ageo
080 _a008.1(479.22.4)+27-475.5 ს-32
245 _aსაქართველო და ევროპული სამყარო - ფილოსოფიურ-კულტურული დიალოგი = Georgia and European World - philosophical-cultural dialogue : [კრებული]. ტ. 1 /
_b
_cივანე ჯავახიშვილის სახ. თბილისის სახელმწ. უნ-ტი ; სარედ. საბჭო: იღუმენი მიქაელი (სტანჩიუ), მარია კორნელია ბარლიბა, ანასტასია ზაქარიაძე [და სხვ.]
264 _aთბილისი :
_bთბილ. უნ-ტის გამ-ბა,
_c2009.
300 _a159 გვ. ;
_c20 სმ.
500 _aწიგნში აგრეთვე : ანთიმოზ ივერიელი ქადაგება წმინდა მოციქულთასწორ მეფეთა კონსტანტინე და ელენეს ხსენების დღესასწაულზე გვ. 147
501 _aპარალ. თავფურ. ინგლ. ენ.
504 _aბიბლიოგრაფია სტატიების ბოლოს.
541 _h7ლ.90თ.
546 _aტექსტი და რეზიუმე ქართულ და ინგლისურ ენებზე
546 _a შენიშვნა ინგლისურ ენაზე
546 _a თავფურცელი ინგლისურ ენაზე
653 _aანთიმოზ ივერიელი
653 _aსაქართველო-ევროპის კულტურული ურთიერთობები
653 _aქართველი წმინდანები
653 _aქადაგებები
653 _aკულტურა
653 _aცივილიზაცია
653 _aრელიგია
653 _aსაქართველო და ევროპული სამყარო
700 _aიღუმენი მიქაელი (სტანჩიუ)
_eრედაქტორი
_917951
700 _aმარია კორნელია ბარლიბა
_eრედაქტორი
_917952
700 _aზაქარიაძე, ანასტასია [და სხვ.]
_eრედაქტორი
_917953
710 _aივანე ჯავახიშვილის სახ. თბილისის სახელმწ. უნ-ტი
_917954
942 _cBK
_2udc